Tilastot visalle Suomen suuriruhtinaskunnan kenraalikuvernöörit

Klikkaa tästä pelataksesi tätä visaa!

Yleistilastot

  • Tätä visaa on pelattu 17 kertaa
  • Keskiarvotulos 2 / 16

Vastaustilastot

VirkakausiKenraalikuvernööri% Oikein
1898–1904Nikolai Bobrikov
100%
1909–1917Franz Albert Seyn
20%
1810–1823Fabian Steinheil
10%
1855–1861Fredrik Vilhelm Berg
10%
1904–1905Ivan Obolenski
10%
1831–1855Aleksandr Sergejevitš Menšikov
0%
1824–1831Arseni Zakrevski
0%
1881–1897Fjodor Logginovitš Heiden
0%
1808–1809Georg Magnus Sprengtporten
0%
1809–1810Michael Barclay de Tolly
0%
1917Mihail Stahovitš
0%
1866–1881Nikolai Adlerberg
0%
1905–1908Nikolai Gerard
0%
1917Nikolai Nekrasov
0%
1861–1866Platon Rokassovski
0%
1908–1909Woldemar von Boeckmann
0%

Tulosjakauma

Persentiili vastausten määrän mukaan

Jokaisen tuloksen saaneiden osuus

Tuloshistoriasi

Et ole pelannut tätä visaa